| 000 | 00909nam a2200265Ia 4500 | ||
|---|---|---|---|
| 003 | OSt | ||
| 005 | 20220925223621.0 | ||
| 006 | a|||||r|||| 00| 0 | ||
| 007 | ta | ||
| 008 | 220923b |||||||| |||| 00| 0 eng d | ||
| 020 |
_a0415278066 _c1780.79 |
||
| 037 |
_b3887, 04/01/2010, RAJKIRAN BOOK AGENCY _cGeneral Book |
||
| 040 |
_aRTL _cRTL _beng |
||
| 041 |
_2eng _aeng |
||
| 082 | _aY9(L), P5 | ||
| 100 |
_aNichter Mark _9290090 |
||
| 245 | 0 |
_aNew Horizons in Medical Anthropology _b Essays in honour of Charles Leslie. |
|
| 260 |
_aLondon _bRoutledge _c2005 |
||
| 300 |
_axii, 312p _ccm. |
||
| 490 | _aTheory and Practice in Medical Anthropology and International Health. | ||
| 650 | _aSociology | ||
| 700 |
_a Lock Margaret. Ed. _918507 |
||
| 942 |
_hY9(L), P5 _cGB _2CC |
||
| 999 |
_c580050 _d580050 |
||